| 000 | 01937nam a22004817a 4500 | ||
|---|---|---|---|
| 001 | 652076 | ||
| 003 | OSt | ||
| 005 | 20210414105539.0 | ||
| 008 | 940407s1984 caua 000 1 eng | ||
| 010 | _a 94013818 | ||
| 020 | _a0446322180 | ||
| 040 |
_aDLC _cDLC _dDLC _dOCoLC _dDLC _dOCoLC _dDLC _beng |
||
| 041 | 1 |
_aeng _hita |
|
| 043 | _ae-it--- | ||
| 050 | 0 | 0 |
_aPQ4865.C6 _bN613 1994 |
| 080 |
_a821.111 _bE-20 |
||
| 082 | 0 | 0 |
_a853/.914 _220 |
| 100 | 1 | _aEco, Umberto. | |
| 240 | 1 | 0 |
_aNome della rosa. _lEnglish |
| 245 | 1 | 4 |
_aThe name of the rose / _cUmberto Eco ; translated from the Italian by William Weaver. _b/ by: Warner Books |
| 260 |
_aNew York _bWarner Books _c1984 |
||
| 300 |
_a611 p. _bill. _c21 cm. |
||
| 440 | 0 | _aHarvest in translation | |
| 490 | 0 | _aA Harvest book | |
| 500 | _a"Including the author's postcript." | ||
| 500 | _a"A Helen and Kurt Wolff book". | ||
| 500 | _aIncludes English translation of: Il postille a Il nome della rosa. | ||
| 650 | 0 |
_aMonastic and religious life _zItaly _xHistory _yMiddle Ages, 600-1500 _xFiction. |
|
| 650 | 0 |
_aEnglish literature _9254 |
|
| 650 | 0 |
_aMonastic libraries _zItaly _xFiction. |
|
| 651 | 0 |
_aItaly _xChurch history _y476-1400 _xFiction. |
|
| 653 | _aინგლისური ლიტერატურა | ||
| 655 | 7 |
_aDetective and mystery stories. _2gsafd |
|
| 655 | 7 |
_aHistorical fiction. _2gsafd |
|
| 655 | 7 |
_aDidactic fiction. _2gsafd |
|
| 700 | 1 | 2 |
_aEco, Umberto. _tPostille a Il nome della rosa. _lEnglish. |
| 700 | 2 |
_aWeaver, William _9720 _eTranslator |
|
| 856 | 4 | 2 |
_3Publisher description _uhttp://www.loc.gov/catdir/description/har041/94013818.html |
| 856 | 4 | 2 |
_3Contributor biographical information _uhttp://www.loc.gov/catdir/enhancements/fy0733/94013818-b.html |
| 906 |
_a7 _bcbc _corignew _d1 _eocip _f19 _gy-gencatlg |
||
| 942 |
_2udc _cBK |
||
| 999 |
_c2043 _d2043 |
||